LEADER 02475nam a2200445 u 4500 001 000000044127 003 CaOOAMICUS 005 20110315160105.0 008 990420s1614 it u000 u lat u 035 $a10820652 040 $aPUL(R)$bita 100 1 $aClaro, Giulio,$d1525-1575.$0(OLS)http://pul/name/13413 240 10$aOpere$9(Claro, Giulio, 1525-1575).$0(OLS)http://pul/title/59531 245 10$aIulii Clari Alexandrini ... Opera omnia :$bsiue Practica ciuilis, atque criminalis /$ccum doctissimis additionibus perillustrium iurisconsultorum d. Ioannis Baptistae Baiardi ... D. Bernardini Rossignoli ... D. Hieronymi Giacharii ... D. Ioannis Guiotii ... D. Antonii Droghi ... Nouissime tandem quaestionum, et additionum summarijs appositis, nec non duobus rerum memorabilium indicibus inseruit .. 260 $aVenetiis :$bapud Baretium Baretium,$c1614. 300 $a2 p. ;$cfol. (32 cm.) 500 $aFront. in rosso e nero. 500 $aMarca tipogr. sul front. e in fine. 500 $aFrontoni, capilettera. 500 $aTesto su colonne. 500 $aSegnature: pgreco4 A8 B4 A-R6 chi2 A-3P6 a-k6. 500 $aLa carta chi2 è bianca. 505 2 $aIulii Clari Alexandrini ... Liber quintus siue practica criminalis ... 700 1 $aBaiardi, Giovanni Battista,$d1530-1600.$0(OLS)http://pul/name/31869 700 1 $aGuyot, Jean,$dsec. XVI.$0(OLS)http://pul/name/32257 700 1 $aDroghi, Antonio,$d1548-1613.$0(OLS)http://pul/name/32258 700 1 $aRossignoli, Bernardino,$d1547-1613.$0(OLS)http://pul/name/32259 700 1 $aZaccari, Girolamo,$dsec. XVI.$0(OLS)http://pul/name/32260 740 0 $aPractica civilis, atque criminalis. 740 02$aLiber quintus siue practica criminalis. 740 02$aPractica criminalis. 850 $aPUL 852 $aPUL$W1$xSL Diritto e Scienze Sociali 1$y4$m206 F 17$j59439$nBK-PRI$b $qStampati$B59439$CPULBib$Z2$F59439 $H $81 941 1 $a8 961 $aINV: Note di collocazione: "R.V.39" 996 $6245$aIulii Clari Alexandrini ... Opera omnia :$bsiue Practica ciuilis, atque criminalis$9(OLS)http://pul/title/59532 996 $6740$aPractica civilis, atque criminalis$9(OLS)http://pul/title/59533 996 $6740$aLiber quintus siue practica criminalis$9(OLS)http://pul/title/59534 996 $6740$aPractica criminalis$9(OLS)http://pul/title/20766 996 $6260$aVenetiis :$bapud Baretium Baretium$9(OLS)http://pul/publisher/58011 LEADER 01206nam a2200301 a 4500 001 000000134839 003 CaOOAMICUS 005 20130704155943.0 008 130704s2006 it u000 u ita r 020 $a88-11-59777-3 040 $aPUL$bita 041 1 $aita$heng 100 1 $aSteiner, George,$d1929-$0(OLS)http://pul/name/37600 240 10$aIdea of Europe.$lItaliano.$0(OLS)http://pul/title/170513 245 14$aUna certa idea di Europa /$cGeorge Steiner ; prefazione di MArio Vargas Llosa ; prologo di Rob Riemen. 260 $aMilano :$bGarzanti,$c©2006. 300 $a63 p. ;$c21 cm 651 4$aEuropa$xCiviltà.$0(OLS)http://pul/subject/4917 700 1 $aVargas Llosa, Mario.$0(OLS)http://pul/name/86862 700 1 $aRiemen, Rob.$0(OLS)http://pul/name/86863 850 $aPUL 852 $aPUL$W1$xDP1 Fondo E. Rossi$y115$m1 S 126$j155107$qFondi$B154660$CPULBib$Z2$F154660 $82 941 1 $a1 961 $aSul dorso collocazione ms. di E. Rossi: S 55 1 6 996 $6020$a88-11-59777-3$9(OLS)http://pul/number/153225 996 $6245$aUna certa idea di Europa$9(OLS)http://pul/title/170512 996 $6260$aMilano :$bGarzanti$9(OLS)http://pul/publisher/49146